000 00655nam a22002057a 4500
003 SISC
005 20150121114408.0
008 150121b xxu||||| |||| 00| 0 eng d
020 _a9781118588499
050 _aHG 179
_b.H496 2013
100 _aHenderson, Sam.
245 _aThe one-page financial plan :
_beverything you need to successfully manage your money and invest for wealth creation /
_cSam Henderson.
260 _aAustralia :
_bWrightbooks,
_cc2013.
300 _a328 pages :
_c22 cm.
521 _aBusiness Administration
650 _aFinance.
650 _aPersonal Saving and investment.
650 _aWealth.
942 _2lcc
_cBK
_kFOR
999 _c277097
_d277097